Discografía de Drake - Estadísticas

Estadísticas generales
  • Esta prueba ha sido intentada 12 veces
  • La puntuación promedio es 10 de 16
Estadísticas de respuestas
Año Álbum % Correcto
2011 Take Care
100%
2016 Views
100%
2023 For All The Dogs
88%
2021 Certified Lover Boy
75%
2022 Honestly, Nevermind
75%
2015 If You're Reading This It's Too Late
75%
2018 Scorpion
75%
2022 Her Loss
63%
2025 $ome $sexy $ongs 4 U
63%
2017 More Life
50%
2013 Nothing Was The Same
50%
2019 Care Package
38%
2020 Dark Lane Demo Tapes
38%
2009 So Far Gone
38%
2010 Thank Me Later
38%
2015 What A Time To Be Alive
38%
No se encontraron pruebas coincidentes
Distribución de puntuación
Porcentaje de gente con cada puntuación
Porcentaje por número respondido
Historial de tus puntuaciones
No has intentado esta prueba.